Регионална библиотека "Любен Каравелов" - Русе

Dictionnaire de la langue Francaise (Запис номер 90024)

MARC детайли
000 -Лидер
Контролно поле с фиксирана дължина nam a22 a 4500
003 - Код на организацията, давaща контролен номер
Контролно поле BLK
005 - Дата и час на последна редакция
Контролно поле 20201028114414.0
008 - Елементи от данни с фиксирана дължина
fixed length control field 180408b bul|||||r ||||||| ||bul||
010 ## - Наследен системен номер
LC control number KNG00094749000
040 ## - Източник на каталожния запис
Идентификатор на билиотеката - собственик на записа BLK
041 ## - Код за език
Код за езика на текст/звукозапис или на отделно заглавие Френски
Код за езика КДБФ Френски
072 #7 - Код за тематичната категория
Код организация bullib
Код за тематична категория Ц
Текст Редки и ценни
080 ## - УДК
Текстов определител УДК Френски език
УДК код - определител по УДК 811.133.1
УДК определител (038.1)
УДК - код + определител 811.133.1(038.1)
100 1# - Редна дума - Автор
Автор Littre, Emile
Авторска отговорност първи автор
R(LIN) 17127
139 ## - Редно поле
Редна дума Littre, Emile
Авторски знак Lit - L 81
245 10 - Сведения за заглавието
Заглавие Dictionnaire de la langue Francaise
Подзаглавни данни T. 1 -
Редно поле (дума) Emile Littre.
Том T. 1
Заглавие на том A - C
257 ## - Страна на издаване
Страна на създаване/издаване Франция
260 ## - Област на издателските данни
Име на издателя, разпространителя и проч. Hachette
Година на издаване 1885 -
Място на издаване, разпространение и проч. Paris
300 ## - Физическа характеристика
Размери/Мащаб 31 см
380 ## - Жанр
Жанр Езикознание. Филология
490 ## - СЕРИИ (Колекции)
9 (RLIN) 435080
Име на серия Колекция Редки и ценни издания
650 #4 - Допълнително описание по предмет – тема
Основно описание – тема или топоним Френски език - речници, тълковни
9 (RLIN) 303781
653 ## - Ключова дума – ненормативна
Ключова дума френски език
653 ## - Ключова дума – ненормативна
Ключова дума Овча купел
659 ## - Тематичен бюлетин
Тематичен бюлетин Ц
760 1# - Описание на основната серия
Редна дума на основното описание Littre, Emile
Място на издаване, издател и година 1885
Страници - том 944 c.
Заглавие T. 1 A - C
852 ## - Местоположение
Форматна сигнатура Рф 885
Фондова буква Редки и ценни
856 4# - Електронен адрес и достъп
Електронен формат pdf - файл
999 ## - СИСТЕМНИ КОНТРОЛНИ НОМЕРА
Koha biblionumber 90024
Koha biblioitemnumber 90024
942 ## - АРТИКУЛИ
Вид на библиотечния материал Книги
Скрит в OPAC Не
Периодичен библиозапис Да
944 ## - СЪЗДАВАНЕ И РЕДАКЦИЯ на ЗАПИСА
Създаване/Редакция Създаване
Дата на регистрацията/редакция 05.03.2010
Служител, извършил регистрацията/редакцията Геновева_Генчева
944 ## - СЪЗДАВАНЕ И РЕДАКЦИЯ на ЗАПИСА
Създаване/Редакция Редакция
Дата на регистрацията/редакция 2020-10-28
999 ## - СИСТЕМНИ КОНТРОЛНИ НОМЕРА
Koha biblioitemnumber 90024
Наличности
Код за отписване Код за изгубен артикул Източник на класификационната схема Код за повреда Коз за рестрикции Код за отдаване Артикулен № Име на библиотеката - собственик Име на библиотеката, в която се намира в момента Статус (Текущо местоположение) Дата на вписване в системата Местоположение - отдел Цена в лева Инвентарен номер Систематично азбучна сигнатура Баркод Номер на екземпляра Цена в евро Служебна бележка Служебен тип на артикула
  Не е изгубен Universal Decimal Classification Не е повреден само за читалня Специални фондове ( старопечатни, редки и ценни, фонд М. Арнаудов) 145582 Регионална библиотека "Любен Каравелов" Русе Регионална библиотека "Любен Каравелов" Русе Редки и ценни 2010-03-05 Редки и ценни 80.00 120000742624 Рф 885 120000742624 1 40.90 Дост: DA Вид: А N: 7 Дата: 05.03.2010 Дата инв: 14.12.2016 Бележки инв: Рц2016 Книги
Vip Innovations Ltd, Rousse, Bulgaria 2025